000 00343nam a22001457a 4500
008 210519b ||||| |||| 00| 0 eng d
020 _a0198536054
041 _aeng
080 _a510
082 _a510
100 _a36
101 _aMAT
245 _aThe Mathematical basis of finite element Methods
_cDavid F. Griffiths
942 _2udc
_cBK
999 _c57531
_d57531